Slovník cudzích slov

Na minha lista:
Detalhes bibliográficos
Autor principal: Ivanová-Šalingová, Mária
Outros Autores: Maníková, Zuzana
Formato: Livro
Idioma:eslovaco
Publicado em: Bratislava Slovenské pedagogické nakladateľstvo 1979
Tags: Adicionar Tag
Sem tags, seja o primeiro a adicionar uma tag!

MARC

LEADER 00000nam a2200000 4500
001 c111145
005 20150325111253.9
041 0 |a slo 
044 |a SK 
245 1 0 |a Slovník cudzích slov  |c Mária Ivanová-Šalingová, Zuzana Maníková 
264 1 |a Bratislava  |b Slovenské pedagogické nakladateľstvo  |c 1979 
300 |a 943 s. 
100 1 |a Ivanová-Šalingová, Mária 
700 1 |a Maníková, Zuzana